Statistics for Ultimate Body Parts Quiz!

Click here to take the quiz!

General Stats

  • This quiz has been taken 49 times
  • The average score is 35 of 57

Answer Stats

HintAnswer% Correct
What you hear withEar
100%
Used for kissingLips
100%
What you smell withNose
98%
Boss of the bodyBrain
95%
Pumps blood around the bodyHeart
95%
Male reproductive organPenis
93%
Used for lickingTongue
90%
Organ for holding urineBladder
88%
They smell of cheese lolFeet
85%
Holds your digestive juicesStomach
85%
The “appendages” on the aboveToes
85%
What you see withEyes
83%
They blushCheeks
80%
Female ^Vagina
80%
Connects feet to legsAnkle
73%
You walk with themLegs
73%
BackboneSpine
73%
Makes spermTestes | Testicles
73%
Connect your hand to armWrist
73%
Feeds the babyBreasts
70%
Largest boneFemur
70%
Produces bileGallbladder
70%
Upper-arm muscleBicep
68%
You need to cut them and they are made of keratinNails
68%
What you taste withTaste Buds
68%
Is fatTummy | Belly
68%
______cutHair
65%
You can crack themKnuckles
65%
Long non squiggly organLarge Intestine
65%
Makes eggsOvaries
65%
Protects your heart + lungsRib Cage
65%
Long, squiggly organSmall Intestine
65%
You poop with itButt | Bum
63%
Make peeKidneys
63%
The thingies that stick out of your chestNipples
63%
Your scar from the umbilical cordBellybutton
58%
WindpipeTrachea
58%
Voice boxLarynx
55%
GulletOesophagus
53%
Weird, dangly thing at the back of the throatUvula
53%
Holds the babyWomb
53%
Brush brushTeeth
50%
Covers the penisForeskin
48%
BreastboneSternum
45%
Neck veinJugular
40%
Holds faecesRectum
40%
Muscles at the back of your legHamstrings
38%
Female body part that erectsClitoris
35%
Splits into six partsPancreas
35%
No hair on itPalm
30%
Holds ^Scrotum
30%
No hair on itSole
28%
Looks like a snailCochlea
25%
Name one of the bones in your earIncus | Malleus | Stapes
25%
Holds maturing spermEpididymis
13%
“Process” of the lower sternumXiphoid
13%
Cheek bonesZygoma
13%

Score Distribution

Percentile by Number Answered

Percent of People with Each Score

Your Score History

You have not taken this quiz